Chanson à trous : Kyo - Dernière danse - Statistiques

Statistiques générales
  • Ce quiz a été pris 269 fois
  • Le résultat moyen est 11 sur 13
Statistiques - réponses
Hint Réponse % Correct
a J'ai longtemps parcouru son corps Effleuré cent fois {son} {visage}
98%
a Je veux juste une dernière danse Avant l'ombre et {l}'{indifférence}
97%
a Je veux juste une dernière danse Avant l'ombre et {l}'{indifférence}
97%
a Un vertige puis {le} {silence} Je veux juste une dernière danse
95%
a Un vertige puis {le} {silence} Je veux juste une dernière danse
95%
a J'ai appris par cœur la pureté de ses formes Parfois, je les {dessine} encore Elle fait partie de moi
89%
a Mais je connais l'histoire, il est déjà trop tard Dans son regard, on peut apercevoir qu'elle se prépare Au {long} {voyage}
82%
a Je l'ai connue trop tôt, mais c'est pas de ma faute La {flèche} a traversé ma peau
80%
a Je peux mourir {demain}, ça ne change rien J'ai reçu de ses mains
79%
a J'ai trouvé de l'or et même {quelques} {étoiles} En essuyant ses larmes
75%
a Je l'ai vu partir, sans rien dire Il fallait seulement qu'elle {respire} Merci, d'avoir enchanté ma vie
67%
a C'est une douleur {qui} {se} {garde} Qui fait plus de bien que de mal
63%
a Le bonheur ancré {dans} {mon} {âme} C'est même trop pour un seul homme
60%
Aucun quiz correspondant
Distribution des résultats
% des personnes avec chaque résultat
Percentile par nombre de réponses
Votre historique - résultats
Vous n’avez pas pris ce quiz